Global chemicals outlook : towards sound management of chemicals.
| Format: | Book |
|---|---|
| Published: |
Nairobi:
United nations Environment Programme,
2013.
|
| Subjects: |
| LEADER | 00470cam a2200145 7i4500 | ||
|---|---|---|---|
| 001 | 0000030817 | ||
| 005 | 20140206090000.0 | ||
| 020 | 0 | 0 | |a 9789280733204 |
| 090 | 0 | 0 | |a I 540 |b GLO |
| 245 | 0 | 0 | |a Global chemicals outlook : |b towards sound management of chemicals. |
| 260 | 0 | 0 | |a Nairobi: |b United nations Environment Programme, |c 2013. |
| 300 | # | # | |a 245 p. |
| 650 | 0 | 0 | |a Chemicals industry |
| 650 | 0 | 0 | |a Chemicals -- |x Markets |
| 999 | |a 0000033599 |b Book |c International |e Business Information Centre | ||


